[Event "2. Bundesliga West 2006/2007"]
[Site "?"]
[Date "2006.10.21"]
[Round "1"]
[White "Ivanov, Mikhail M"]
[Black "Schmidt, Georg"]
[Result "0-1"]
[WhiteElo "2425"]
[BlackElo "2374"]
[PlyCount "78"]
[EventDate "2006.??.??"]
[SourceDate "2006.10.21"]

1. Nf3 Nf6 2. c4 b6 3. g3 c5 4. Bg2 Bb7 5. O-O g6 6. d4 cxd4 7. Qxd4 Bg7 8. Nc3
d6 9. Rd1 Nbd7 10. Be3 O-O 11. Qh4 Rc8 12. Rac1 Re8 13. b3 Qc7 14. Bh3 Qb8 15.
g4 Nf8 16. g5 N6d7 17. Bd4 Bxd4 18. Qxd4 Rc5 19. b4 Rc7 20. Nd5 Bxd5 21. cxd5
a5 22. a3 axb4 23. axb4 Rec8 24. Qb2 Rxc1 25. Rxc1 Rxc1+ 26. Qxc1 Qa8 27. e4
Qa4 28. Qc7 Ne5 29. Kg2 Qxb4 30. Nxe5 dxe5 31. Qxe5 b5 32. Bg4 Qc5 33. Qb8 b4
34. Qb7 Qd4 35. Qxe7 b3 36. Qb7 Qxe4+ 37. Bf3 Qc2 38. d6 b2 39. d7 Qd2 {Zeit}
0-1

[Event "2. Bundesliga West 2006/2007"]
[Site "?"]
[Date "2006.10.21"]
[Round "1"]
[White "Panteleev, Petar"]
[Black "Lawitsch, Guenther"]
[Result "1/2-1/2"]
[WhiteElo "2315"]
[BlackElo "2294"]
[PlyCount "26"]
[EventDate "2006.??.??"]
[SourceDate "2006.10.21"]

1. Nf3 d5 2. g3 Bg4 3. Bg2 c6 4. c4 e6 5. Qb3 Qb6 6. d4 Qxb3 7. axb3 Nd7 8. h3
Bf5 9. c5 Be4 10. Nbd2 Bc2 11. b4 Be7 12. O-O Bf6 13. Ne1 Bd1 1/2-1/2

[Event "2. Bundesliga West 2006/2007"]
[Site "?"]
[Date "2006.10.21"]
[Round "1"]
[White "Gruber, Michael"]
[Black "Walkner, Olga"]
[Result "0-1"]
[WhiteElo "2138"]
[BlackElo "2135"]
[PlyCount "66"]
[EventDate "2006.??.??"]
[SourceDate "2006.10.21"]

1. e4 c5 2. Nf3 e6 3. Nc3 a6 4. d4 cxd4 5. Nxd4 Qc7 6. Bd3 Nf6 7. O-O Nc6 8.
Be3 Be7 9. Kh1 d6 10. f4 Bd7 11. Qf3 Nxd4 12. Bxd4 Bc6 13. Qf2 O-O 14. e5 Nd7
15. Rae1 g6 16. Qg3 b5 17. Qh3 dxe5 18. fxe5 Bc5 19. Bxc5 Nxc5 20. Rf4 f5 21.
Qe3 Bb7 22. Be2 Rad8 23. a4 bxa4 24. Rc4 Rc8 25. Nxa4 Qa5 26. Ra1 Nd7 27. b4
Qd5 28. Qf3 Qxf3 29. Bxf3 Rxc4 30. Bxb7 Rxb4 31. Bxa6 Ra8 32. c3 Rbb8 33. Bc4
Nc5 0-1

[Event "2. Bundesliga West 2006/2007"]
[Site "?"]
[Date "2006.10.21"]
[Round "1"]
[White "Peterwagner, Heinz"]
[Black "Riedl, Johannes"]
[Result "1/2-1/2"]
[WhiteElo "2213"]
[BlackElo "2143"]
[PlyCount "26"]
[EventDate "2006.??.??"]
[SourceDate "2006.10.21"]

1. e4 e6 2. d4 d5 3. Nd2 Nc6 4. Ngf3 Nf6 5. e5 Nd7 6. c3 f6 7. Bb5 Be7 8. Qe2
O-O 9. O-O fxe5 10. dxe5 Rf5 11. Bd3 Rf7 12. Re1 Nf8 13. Nf1 Nb8 1/2-1/2

[Event "2. Bundesliga West 2006/2007"]
[Site "?"]
[Date "2006.10.21"]
[Round "1"]
[White "Thoeny, Hermann"]
[Black "Hamberger, Hermann"]
[Result "1-0"]
[WhiteElo "2175"]
[BlackElo "2105"]
[PlyCount "28"]
[EventDate "2006.??.??"]
[SourceDate "2006.10.21"]

1. d4 Nf6 2. Nf3 c5 3. c3 b6 4. Bg5 Ne4 5. Bf4 Bb7 6. e3 d6 7. Nbd2 Nxd2 8.
Nxd2 Nd7 9. Nf3 g6 10. Bc4 Bg7 11. O-O O-O 12. Qe2 Qc7 13. Rac1 Nf6 14. Rfd1 h6
1-0

[Event "2. Bundesliga West 2006/2007"]
[Site "?"]
[Date "2006.10.21"]
[Round "1"]
[White "Hicker, Harald"]
[Black "Vrban, Damir"]
[Result "1/2-1/2"]
[WhiteElo "2136"]
[BlackElo "2130"]
[PlyCount "48"]
[EventDate "2006.??.??"]
[SourceDate "2006.10.21"]

1. d4 f5 2. c4 Nf6 3. Nc3 d6 4. Nf3 g6 5. g3 Bg7 6. Bg2 O-O 7. O-O c6 8. Re1
Nh5 9. e4 f4 10. Ne2 fxg3 11. hxg3 Qe8 12. Be3 Nd7 13. Qd2 Ndf6 14. Nh2 Qf7 15.
Rac1 Ng4 16. Nxg4 Bxg4 17. Nf4 Nxf4 18. Bxf4 Bxd4 19. Qxd4 e5 20. Bxe5 dxe5 21.
Qe3 Rad8 22. f3 Be6 23. Red1 Bxc4 24. b3 Be6 1/2-1/2

[Event "2. Bundesliga West 2006/2007"]
[Site "?"]
[Date "2006.10.21"]
[Round "1"]
[White "Halasz, Tamas"]
[Black "Gasthofer, Alexander"]
[Result "0-1"]
[WhiteElo "2357"]
[BlackElo "2439"]
[PlyCount "58"]
[EventDate "2006.??.??"]
[SourceDate "2006.10.21"]

1. d4 d5 2. Nf3 Nc6 3. g3 Bg4 4. Bg2 e6 5. O-O Bd6 6. c4 Nf6 7. Nc3 dxc4 8. Qa4
Nd5 9. Qxc4 Nb6 10. Qd3 O-O 11. b3 Bb4 12. Bb2 Bxf3 13. Bxf3 Qxd4 14. Qc2 Qc5
15. Rac1 Nd4 16. Qe4 Nxf3+ 17. Qxf3 c6 18. Qg4 e5 19. Na4 Qe7 20. Nxb6 axb6 21.
Bxe5 f6 22. Bd4 Rxa2 23. Bxb6 Rxe2 24. Rfd1 Re4 25. Qf5 g6 26. Qf3 Re8 27. Bd8
Qe6 28. Qxf6 Qxb3 29. Bb6 Be7 0-1

[Event "2. Bundesliga West 2006/2007"]
[Site "?"]
[Date "2006.10.21"]
[Round "1"]
[White "Pitl, Gregory"]
[Black "Blaskowski, Johannes"]
[Result "1-0"]
[WhiteElo "2380"]
[BlackElo "2342"]
[PlyCount "101"]
[EventDate "2006.??.??"]
[SourceDate "2006.10.21"]

1. d4 Nf6 2. Nf3 e6 3. g3 b5 4. Bg2 Bb7 5. O-O c5 6. Na3 Qb6 7. c4 a6 8. cxb5
axb5 9. Qb3 b4 10. Nc4 Qa6 11. dxc5 Bxc5 12. Bd2 Bd5 13. Rfc1 Nc6 14. Qd3 O-O
15. Nce5 Qa7 16. Be1 Nxe5 17. Nxe5 Bd4 18. Nc4 Bxg2 19. Kxg2 d5 20. e3 Bc5 21.
Ne5 Rfc8 22. a3 bxa3 23. b4 Bd6 24. Rxc8+ Rxc8 25. Rxa3 Qb7 26. Nf3 Rb8 27. Qa6
Qd7 28. Rb3 Ne4 29. Nd4 e5 30. Qc6 Qb7 31. Qxb7 Rxb7 32. Nc6 Kf8 33. Ra3 Ke8
34. f3 Ng5 35. f4 exf4 36. gxf4 Kd7 37. Na5 Rxb4 38. Bxb4 Bxb4 39. Ra4 Bxa5 40.
Rxa5 Ne6 41. Rxd5+ Ke7 42. Kf3 h6 43. h4 Nf8 44. Ra5 Nd7 45. e4 Nf6 46. Ra7+
Ke8 47. e5 Nh5 48. f5 Kf8 49. Kg4 g6 50. f6 Ke8 51. Rb7 1-0

[Event "2. Bundesliga West 2006/2007"]
[Site "?"]
[Date "2006.10.21"]
[Round "1"]
[White "Neuschmied, Siegfried"]
[Black "Pitschka, Klaus"]
[Result "1/2-1/2"]
[WhiteElo "2295"]
[BlackElo "2279"]
[PlyCount "57"]
[EventDate "2006.??.??"]
[SourceDate "2006.10.21"]

1. e4 Nf6 2. e5 Nd5 3. d4 d6 4. Nf3 Bg4 5. Be2 c6 6. exd6 Qxd6 7. Ne5 Bxe2 8.
Qxe2 Nd7 9. O-O e6 10. Rd1 Nxe5 11. dxe5 Qc7 12. c4 Ne7 13. Nc3 Ng6 14. f4 Be7
15. Rd3 O-O 16. Rh3 Rfd8 17. Be3 Rd7 18. Ne4 Rad8 19. Qh5 Nf8 20. Rf1 Qa5 21.
a3 Qa4 22. Qe2 Rd1 23. Nc3 Rxf1+ 24. Kxf1 Qa5 25. Qc2 b5 26. cxb5 cxb5 27. Ne4
b4 28. axb4 Bxb4 29. Kf2 1/2-1/2

[Event "2. Bundesliga West 2006/2007"]
[Site "?"]
[Date "2006.10.21"]
[Round "1"]
[White "Marchhart, Matthias"]
[Black "Bertagnolli, Alexander"]
[Result "1-0"]
[WhiteElo "2162"]
[BlackElo "2325"]
[PlyCount "97"]
[EventDate "2006.??.??"]
[SourceDate "2006.10.21"]

1. e4 c5 2. Nf3 d6 3. d4 cxd4 4. Nxd4 Nf6 5. Nc3 a6 6. Be2 e5 7. Nb3 b5 8. Be3
Bb7 9. Nd5 Nbd7 10. a4 b4 11. Qd3 Nxd5 12. exd5 Be7 13. c4 bxc3 14. bxc3 f5 15.
f4 O-O 16. a5 g5 17. g3 gxf4 18. gxf4 Bh4+ 19. Kf1 Qe7 20. c4 Rae8 21. Bh5 Rc8
22. Rg1+ Kh8 23. Rd1 Nf6 24. Be2 Qf7 25. Bc1 exf4 26. Bb2 Rg8 27. Qxf5 Rxg1+
28. Kxg1 Rg8+ 29. Kh1 Qg7 30. Bf3 Bc8 31. Qxf4 Bh3 32. Qd2 Rb8 33. Rg1 Rxb3 34.
Rxg7 Kxg7 35. Bg2 Bf5 36. Qd4 Bg5 37. h3 Kg6 38. h4 Bxh4 39. Qxh4 Rxb2 40. Bf3
h5 41. Qg3+ Bg4 42. Bxg4 Nxg4 43. Qxd6+ Kf5 44. Qa3 Rf2 45. Kg1 Kf4 46. d6 h4
47. d7 h3 48. Qxh3 Rd2 49. Qf1+ 1-0

[Event "2. Bundesliga West 2006/2007"]
[Site "?"]
[Date "2006.10.21"]
[Round "1"]
[White "Mittelberger, Peter"]
[Black "Lickleder, Andreas"]
[Result "1/2-1/2"]
[WhiteElo "2244"]
[BlackElo "2235"]
[PlyCount "96"]
[EventDate "2006.??.??"]
[SourceDate "2006.10.21"]

1. e4 c5 2. Nf3 d6 3. d4 cxd4 4. Nxd4 Nf6 5. Nc3 a6 6. Be3 e5 7. Nb3 Be6 8. Qd2
Be7 9. Rd1 Nbd7 10. Be2 O-O 11. O-O b5 12. f3 Nb6 13. Kh1 b4 14. Bxb6 Qxb6 15.
Nd5 Nxd5 16. exd5 Bd7 17. c4 bxc3 18. bxc3 a5 19. Rb1 Rab8 20. Qd3 Qc7 21. Nd2
Rfc8 22. c4 Rxb1 23. Rxb1 Rb8 24. g3 g6 25. Kg2 Kg7 26. Ne4 Rxb1 27. Qxb1 f5
28. Nc3 Bd8 29. Nb5 Qc5 30. Qg1 Qxg1+ 31. Kxg1 Bb6+ 32. Kf1 Bc5 33. Bd3 Kf6 34.
Bc2 h5 35. Nc3 g5 36. h3 Bd4 37. Nb5 Bc5 38. Kg2 Be8 39. Nc7 Bg6 40. Ne6 Bb6
41. Nf8 Be8 42. g4 hxg4 43. hxg4 fxg4 44. fxg4 Be3 45. Kf3 Bd2 46. Ke2 Bc1 47.
Ne6 Bd7 48. Bf5 Ke7 1/2-1/2

[Event "2. Bundesliga West 2006/2007"]
[Site "?"]
[Date "2006.10.21"]
[Round "1"]
[White "Endthaler, Arnold"]
[Black "Eybl, Alexander"]
[Result "1/2-1/2"]
[WhiteElo "2094"]
[BlackElo "2253"]
[PlyCount "37"]
[EventDate "2006.??.??"]
[SourceDate "2006.10.21"]

1. e4 c5 2. Nf3 e6 3. d4 cxd4 4. Nxd4 a6 5. Bd3 Nc6 6. Nxc6 dxc6 7. O-O e5 8.
Nc3 Nf6 9. h3 Bc5 10. Qe2 Qe7 11. a4 a5 12. Bc4 g5 13. Be3 Rg8 14. f3 Bxe3+ 15.
Qxe3 Nh5 16. Rf2 Nf4 17. Rd2 Be6 18. Bxe6 Nxe6 19. Ne2 1/2-1/2

[Event "2. Bundesliga West 2006/2007"]
[Site "?"]
[Date "2006.10.21"]
[Round "1"]
[White "Ginsburg, Gennadij"]
[Black "Zelcic, Robert"]
[Result "1-0"]
[WhiteElo "2506"]
[BlackElo "2563"]
[PlyCount "141"]
[EventDate "2006.??.??"]
[SourceDate "2006.10.21"]

1. Nf3 Nf6 2. d4 e6 3. c4 d5 4. Nc3 Bb4 5. Bg5 h6 6. Bxf6 Qxf6 7. e3 O-O 8. Qb3
c5 9. a3 cxd4 10. axb4 dxc3 11. bxc3 Nd7 12. cxd5 exd5 13. Be2 Nb6 14. O-O Bg4
15. h3 Bh5 16. Ra5 Rfc8 17. Nd4 Bxe2 18. Nxe2 Qc6 19. Rd1 a6 20. Rd4 Re8 21.
Nf4 Rac8 22. Rc5 Qa4 23. Qxa4 Nxa4 24. Rxc8 Rxc8 25. Nxd5 Kh7 26. c4 b6 27. Rf4
f6 28. Re4 a5 29. b5 f5 30. Rf4 Rc5 31. Rd4 Rc8 32. g4 fxg4 33. hxg4 Rb8 34.
Rd2 Nc5 35. f3 Nd7 36. f4 Rc8 37. Rc2 a4 38. Kf2 a3 39. Ke2 Ra8 40. Ra2 g6 41.
Nc3 g5 42. Nb1 gxf4 43. exf4 Re8+ 44. Kf3 Re1 45. Nxa3 Nc5 46. Re2 Rf1+ 47. Rf2
Rh1 48. Nc2 Rh3+ 49. Ke2 Ne4 50. Rf3 Rh2+ 51. Kd3 Nc5+ 52. Kc3 Ne4+ 53. Kd4
Rxc2 54. Kxe4 Rxc4+ 55. Ke5 Rc5+ 56. Ke6 Rxb5 57. f5 Rb4 58. f6 Kg8 59. Rd3
Re4+ 60. Kf5 Rc4 61. Rd8+ Kf7 62. Rd7+ Kf8 63. Rh7 Rc5+ 64. Kf4 Rc4+ 65. Kf5
Rc5+ 66. Kf4 Rc4+ 67. Kg3 Rc3+ 68. Kh4 Rc1 69. Kh5 Rg1 70. Rxh6 Kf7 71. Kg5 1-0

[Event "2. Bundesliga West 2006/2007"]
[Site "?"]
[Date "2006.10.21"]
[Round "1"]
[White "Hecht, Hans Joachim"]
[Black "Hugentobler, Patrick"]
[Result "1/2-1/2"]
[WhiteElo "2394"]
[BlackElo "2236"]
[PlyCount "85"]
[EventDate "2006.??.??"]
[SourceDate "2006.10.21"]

1. Nf3 Nf6 2. c4 g6 3. Nc3 d5 4. cxd5 Nxd5 5. Qa4+ Bd7 6. Qb3 Nxc3 7. bxc3 Nc6
8. Ng5 e6 9. d4 Bg7 10. e4 O-O 11. Be2 Na5 12. Qa3 b6 13. Nf3 c5 14. Bg5 Qc7
15. O-O Bc6 16. e5 Bd5 17. Qc1 cxd4 18. cxd4 Qxc1 19. Rfxc1 Rfc8 20. Ba6 Bb7
21. Bb5 Rxc1+ 22. Rxc1 Rc8 23. Rxc8+ Bxc8 24. Bd2 Bb7 25. Bxa5 Bxf3 26. Bxb6
axb6 27. gxf3 g5 28. Kf1 f6 29. Bc4 fxe5 30. Bxe6+ Kf8 31. d5 Ke7 32. Ke2 Bf8
33. Kd3 h6 34. a4 h5 35. h4 gxh4 36. Ke4 Kf6 37. f4 exf4 38. Kxf4 Bc5 39. f3
Bd6+ 40. Ke4 Kg5 41. Bh3 Bc7 42. Bg2 Bd6 43. Bh3 1/2-1/2

[Event "2. Bundesliga West 2006/2007"]
[Site "?"]
[Date "2006.10.21"]
[Round "1"]
[White "Doskocil, Klaus"]
[Black "Jakubovic, Nedzad"]
[Result "0-1"]
[WhiteElo "2146"]
[BlackElo "2394"]
[PlyCount "100"]
[EventDate "2006.??.??"]
[SourceDate "2006.10.21"]

1. e4 e5 2. Nf3 Nc6 3. Bb5 g6 4. O-O Bg7 5. c3 Nge7 6. d4 exd4 7. cxd4 d5 8. e5
O-O 9. h3 h6 10. Nc3 Be6 11. Re1 a6 12. Bf1 b5 13. Ne2 Qd7 14. Nf4 Bf5 15. Be3
Nd8 16. Rc1 Ne6 17. g4 Nxf4 18. gxf5 Qxf5 19. Rxc7 Rfe8 20. Bxf4 Qxf4 21. Bg2
Rac8 22. Qc1 Qf5 23. b4 Bf8 24. Rc5 Qe6 25. Re3 Nf5 26. Rxc8 Rxc8 27. Rc3 Rc4
28. Bf1 Bxb4 29. Bxc4 Bxc3 30. Bxd5 Qxd5 31. Qxc3 Qxa2 32. Qc8+ Kg7 33. Qd8
Qb1+ 34. Kg2 Qe4 35. d5 g5 36. Qf6+ Kg8 37. e6 Nh4+ 38. Kg3 Nf5+ 39. Kg2 fxe6
40. dxe6 Nh4+ 41. Kf1 Qd3+ 42. Kg1 Nxf3+ 43. Kg2 Nh4+ 44. Kh2 Qf3 45. Qd8+ Kg7
46. Qe7+ Kg6 47. Qe8+ Kf6 48. Qf7+ Ke5 49. Qxf3 Nxf3+ 50. Kg3 Kxe6 0-1

[Event "2. Bundesliga West 2006/2007"]
[Site "?"]
[Date "2006.10.21"]
[Round "1"]
[White "Bawart, Markus"]
[Black "Mrsic, Robert"]
[Result "1-0"]
[WhiteElo "2334"]
[BlackElo "2125"]
[PlyCount "66"]
[EventDate "2006.??.??"]
[SourceDate "2006.10.21"]

1. c4 Nf6 2. d4 b6 3. Nc3 e6 4. Bg5 Bb4 5. Qb3 c5 6. a3 Bxc3+ 7. Qxc3 Bb7 8. f3
h6 9. Bh4 d6 10. dxc5 bxc5 11. O-O-O Nc6 12. Bg3 e5 13. e3 Qe7 14. Ne2 Qe6 15.
Qc2 O-O 16. Nc3 Rfd8 17. Nd5 Rd7 18. Bh4 Ne7 19. Bd3 Nexd5 20. Bf5 Qe7 21. cxd5
Rc7 22. e4 Bc8 23. g4 g6 24. Rhg1 g5 25. Qd2 Nd7 26. Bf2 c4 27. h4 Nc5 28. Bxc5
Rxc5 29. hxg5 Qxg5 30. Qxg5+ hxg5 31. Rh1 Bxf5 32. gxf5 Kg7 33. Rh5 Rb8 1-0

[Event "2. Bundesliga West 2006/2007"]
[Site "?"]
[Date "2006.10.21"]
[Round "1"]
[White "Maier, Peter"]
[Black "Ljubic, Juro"]
[Result "0-1"]
[WhiteElo "2169"]
[BlackElo "2216"]
[PlyCount "78"]
[EventDate "2006.??.??"]
[SourceDate "2006.10.21"]

1. Nf3 Nf6 2. g3 b6 3. Bg2 Bb7 4. O-O e6 5. d3 d5 6. Nbd2 Be7 7. b3 O-O 8. Bb2
c5 9. e3 Nc6 10. Qe2 Qc7 11. e4 dxe4 12. dxe4 Rfd8 13. a3 e5 14. c3 a5 15. a4
Ba6 16. c4 Nd7 17. Nb1 Nd4 18. Bxd4 cxd4 19. Ne1 Nc5 20. Nd2 Bg5 21. Rb1 Bb7
22. Nd3 Bxd2 23. Nxc5 bxc5 24. Qxd2 Rab8 25. Rfe1 Bc6 26. Bf1 Rb4 27. Bd3 Qb7
28. f3 Qb6 29. h4 h6 30. Rf1 Rxb3 31. Rxb3 Qxb3 32. Qxa5 Rc8 33. Be2 d3 34. Bd1
Qxc4 35. Qa7 Qd4+ 36. Kg2 c4 37. Qa6 Bd7 38. a5 c3 39. Bb3 c2 0-1

[Event "2. Bundesliga West 2006/2007"]
[Site "?"]
[Date "2006.10.21"]
[Round "1"]
[White "Schoeppl, Engelbert"]
[Black "Haemmerle, Gernot"]
[Result "1-0"]
[WhiteElo "2219"]
[BlackElo "1935"]
[PlyCount "51"]
[EventDate "2006.??.??"]
[SourceDate "2006.10.21"]

1. f4 e5 2. fxe5 d6 3. exd6 Bxd6 4. Nf3 g5 5. d4 g4 6. Ne5 Qf6 7. Nc3 Nc6 8.
Ne4 Qe7 9. Nxd6+ cxd6 10. Nxc6 bxc6 11. Qd3 d5 12. g3 h5 13. Bg2 h4 14. O-O f5
15. c4 Be6 16. cxd5 cxd5 17. gxh4 Qxh4 18. Bf4 Ne7 19. Rac1 O-O 20. Qe3 Qf6 21.
Bg5 Qf7 22. Rc7 Rfe8 23. Bxe7 Rxe7 24. Rxe7 Qxe7 25. Rxf5 Qd7 26. Bxd5 1-0

[Event "2. Bundesliga West 2006/2007"]
[Site "?"]
[Date "2006.10.21"]
[Round "1"]
[White "Novkovic, Milan"]
[Black "Bromberger, Stefan"]
[Result "0-1"]
[WhiteElo "2393"]
[BlackElo "2507"]
[PlyCount "62"]
[EventDate "2006.??.??"]
[SourceDate "2006.10.21"]

1. e4 c5 2. Nf3 d6 3. d4 cxd4 4. Nxd4 Nf6 5. Nc3 a6 6. Be3 e6 7. f3 b5 8. Qd2
b4 9. Nd1 e5 10. Nb3 Nc6 11. Bc4 Be7 12. Bd5 Bd7 13. Bxc6 Bxc6 14. Qxb4 d5 15.
Qc3 Rc8 16. Qxe5 dxe4 17. fxe4 O-O 18. Nf2 Re8 19. O-O Bd6 20. Qd4 Qc7 21. h3
Nxe4 22. Nxe4 Rxe4 23. Qa7 Bb5 24. Rf2 Bg3 25. Rd2 Bf4 26. Qxc7 Bxe3+ 27. Kh1
Rxc7 28. Rd8+ Re8 29. Rxe8+ Bxe8 30. Re1 Re7 31. Nd4 Bg5 0-1

[Event "2. Bundesliga West 2006/2007"]
[Site "?"]
[Date "2006.10.21"]
[Round "1"]
[White "Heinzel, Olaf"]
[Black "Drabke, Lorenz"]
[Result "1/2-1/2"]
[WhiteElo "2384"]
[BlackElo "2386"]
[PlyCount "68"]
[EventDate "2006.??.??"]
[SourceDate "2006.10.21"]

1. d4 d5 2. Bf4 c5 3. e3 Nc6 4. Nf3 Nf6 5. Nc3 Bg4 6. Be2 e6 7. O-O Bxf3 8.
Bxf3 cxd4 9. exd4 Bd6 10. Be3 O-O 11. Qe2 a6 12. Rfd1 Qc7 13. g3 Na5 14. Nb1 b5
15. c3 b4 16. cxb4 Bxb4 17. a3 Bd6 18. Nd2 Qc2 19. b4 Nb3 20. Nxb3 Qxb3 21.
Rdb1 Qa4 22. Qd3 Rfb8 23. Be2 Nd7 24. Bd1 Qb5 25. Qxb5 axb5 26. Be2 Rb6 27. Rb3
Kf8 28. Rc1 Ke7 29. Rc2 h6 30. Bc1 Nf6 31. Rbc3 Kd7 32. Rf3 Ke7 33. Rfc3 Kd7
34. Rf3 Ke7 1/2-1/2

[Event "2. Bundesliga West 2006/2007"]
[Site "?"]
[Date "2006.10.21"]
[Round "1"]
[White "Gaertner, Guntram"]
[Black "Gatterer, Florian"]
[Result "1-0"]
[WhiteElo "2331"]
[BlackElo "2206"]
[PlyCount "151"]
[EventDate "2006.??.??"]
[SourceDate "2006.10.21"]

1. d4 d5 2. c4 c6 3. cxd5 cxd5 4. Nc3 Nf6 5. Bf4 Nc6 6. e3 a6 7. Bd3 Bg4 8.
Nge2 e6 9. O-O Bd6 10. f3 Bh5 11. Rc1 Bg6 12. Na4 Bxd3 13. Qxd3 Bxf4 14. Nxf4
Nd7 15. Qa3 Qe7 16. Qxe7+ Kxe7 17. Nd3 Kd6 18. Rf2 b6 19. Rfc2 Rac8 20. Nb4 Na7
21. Nxa6 Rxc2 22. Rxc2 Rc8 23. Rxc8 Nxc8 24. Nc3 Na7 25. Nb4 h5 26. h4 Nf8 27.
Kf2 Ng6 28. g3 Ne7 29. g4 Ng8 30. Nd3 hxg4 31. fxg4 Nc6 32. Kf3 f6 33. Nb5+ Kd7
34. Nf4 Nce7 35. Nc3 Nc6 36. Nh5 g5 37. hxg5 fxg5 38. Na4 Kc7 39. Ng7 Nd8 40.
Nc3 Kd6 41. e4 Ne7 42. exd5 Nxd5 43. Ne4+ Ke7 44. Nh5 Nf7 45. Nhg3 Kd7 46. Ne2
e5 47. Kg3 Ke6 48. Kf3 Nb4 49. a3 Nd3 50. b3 exd4 51. Nxd4+ Kd5 52. Ke3 Nde5
53. Nf6+ Kd6 54. Ke4 Kc5 55. Nc2 Kd6 56. Kf5 Nf3 57. a4 Kc5 58. Ke6 Nd8+ 59.
Kd7 Nf7 60. Kc7 Nd2 61. Nd7+ Kd5 62. Nxb6+ Ke6 63. b4 Nb3 64. Nc4 Kd5 65. N2e3+
Ke4 66. Nf5 Kd3 67. Ncd6 Kc3 68. b5 Ne5 69. b6 Na5 70. b7 Nxb7 71. Nxb7 Kb4 72.
a5 Kb5 73. Nd4+ Ka6 74. Nc5+ Kxa5 75. Nc6+ Nxc6 76. Kxc6 1-0

[Event "2. Bundesliga West 2006/2007"]
[Site "?"]
[Date "2006.10.21"]
[Round "1"]
[White "Hengl, Christian"]
[Black "Grabher, Heinz"]
[Result "1/2-1/2"]
[WhiteElo "2224"]
[BlackElo "2311"]
[PlyCount "125"]
[EventDate "2006.??.??"]
[SourceDate "2006.10.21"]

1. e4 e5 2. Nf3 Nc6 3. Bc4 Nf6 4. d4 exd4 5. O-O Nxe4 6. Re1 d5 7. Bxd5 Qxd5 8.
Nc3 Qa5 9. Nxe4 Be6 10. Neg5 O-O-O 11. Nxe6 fxe6 12. Rxe6 Bd6 13. Bg5 Rde8 14.
Qe2 Kd7 15. Rxe8 Rxe8 16. Qd3 h6 17. Bh4 Qh5 18. Bg3 Bxg3 19. hxg3 Kc8 20. Nxd4
Nxd4 21. Qxd4 Rd8 22. Qc4 Qe5 23. Qg4+ Kb8 24. Rd1 Rxd1+ 25. Qxd1 b6 26. c3 a5
27. Qd4 Qg5 28. c4 Kb7 29. Kf1 Qe7 30. a3 Kb8 31. f4 Kb7 32. Kf2 Kb8 33. Kf3
Qf7 34. g4 Qe7 35. f5 Qg5 36. c5 bxc5 37. Qxc5 Qf6 38. Qxa5 Qc6+ 39. Kg3 Qd6+
40. Kh3 Qd3+ 41. Kh4 Qd8+ 42. Kh3 Qd3+ 43. Kh2 Qd6+ 44. g3 Qd1 45. Qb5+ Kc8 46.
Qe8+ Kb7 47. Qe4+ Kb6 48. Kh3 c5 49. Kh2 Kb5 50. Qb7+ Kc4 51. Qa6+ Kb3 52. Qb5+
Ka2 53. Qxc5 Qe2+ 54. Kg1 Qxg4 55. Qf2 Qe4 56. f6 gxf6 57. Qxf6 h5 58. Kf2 Qc2+
59. Ke3 Qc1+ 60. Kd3 Qd1+ 61. Kc4 Qb3+ 62. Kc5 Qxg3 63. Qf7+ 1/2-1/2

[Event "2. Bundesliga West 2006/2007"]
[Site "?"]
[Date "2006.10.21"]
[Round "1"]
[White "Atlas, Dimitry"]
[Black "Jedinger, Andreas"]
[Result "1-0"]
[WhiteElo "2294"]
[BlackElo "2147"]
[PlyCount "183"]
[EventDate "2006.??.??"]
[SourceDate "2006.10.21"]

1. e4 e5 2. Bc4 Nf6 3. d3 c6 4. Nf3 Be7 5. O-O d6 6. Re1 O-O 7. Bb3 Nbd7 8. c3
Nc5 9. Bc2 Bg4 10. h3 Bh5 11. d4 Ncd7 12. Nbd2 Re8 13. Nf1 Bf8 14. g4 Bg6 15.
Ng3 Qc7 16. Nh4 d5 17. dxe5 Nxe4 18. Nxg6 hxg6 19. Nxe4 dxe4 20. Rxe4 Nc5 21.
Re2 Rad8 22. Qf1 Nd3 23. Bxd3 Rxd3 24. Bf4 Qd7 25. Qg2 Qe6 26. Bg3 Red8 27. Kh2
Qc4 28. Qe4 Qxe4 29. Rxe4 Rd2 30. Rb1 Bc5 31. Kg2 Rc2 32. b4 Bb6 33. c4 Rd4 34.
Rxd4 Bxd4 35. b5 Rxa2 36. bxc6 bxc6 37. Rb8+ Kh7 38. Rf8 Re2 39. Rxf7 a5 40.
Kf3 Re1 41. Rd7 Bxe5 42. Re7 Bc3 43. Rxe1 Bxe1 44. Be5 a4 45. Ke2 Bb4 46. f4
Kg8 47. Kd3 Kf7 48. Kc2 Kf8 49. Kb2 Kf7 50. Ka2 Kf8 51. Bd4 Kf7 52. Be5 Kf8 53.
Bb2 Kf7 54. Ba3 Bd2 55. Bc5 Bxf4 56. Ka3 Ke6 57. Kxa4 Bd6 58. Bf2 Be5 59. Ka5
Kd7 60. Kb6 Bc7+ 61. Kc5 Bb8 62. Be1 Ba7+ 63. Kb4 Bd4 64. Bg3 Ke6 65. Bf4 Bb6
66. Kc3 Bc5 67. Kd3 Be7 68. Ke4 Bf6 69. Be3 Be7 70. Bd4 Kf7 71. Be5 Bc5 72. Kd3
Bf2 73. Kc3 Bc5 74. Kb3 Be7 75. Ka4 Bf6 76. Bxf6 gxf6 77. Kb4 f5 78. gxf5 gxf5
79. Kc5 Ke6 80. Kd4 c5+ 81. Ke3 Ke5 82. h4 f4+ 83. Kf3 Kd4 84. h5 Kxc4 85. h6
Kb3 86. h7 c4 87. h8=Q c3 88. Kxf4 Kc2 89. Ke3 Kd1 90. Qd4+ Kc2 91. Qc4 Kd1 92.
Qd3+ 1-0

[Event "2. Bundesliga West 2006/2007"]
[Site "?"]
[Date "2006.10.21"]
[Round "1"]
[White "Muehlbacher, Bernhard"]
[Black "Burschowsky, Matthias"]
[Result "0-1"]
[WhiteElo "2094"]
[BlackElo "2211"]
[PlyCount "127"]
[EventDate "2006.??.??"]
[SourceDate "2006.10.21"]

1. c4 Nf6 2. Nc3 e6 3. g3 Bb4 4. Bg2 O-O 5. Qb3 a5 6. a3 Bxc3 7. Qxc3 Qe7 8. d3
d6 9. e3 e5 10. Ne2 a4 11. Qc2 Nbd7 12. Bd2 Nc5 13. Nc3 Bf5 14. e4 Be6 15. Rd1
Qd7 16. O-O Nh5 17. Be3 Nb3 18. Ne2 Bh3 19. d4 Bxg2 20. Kxg2 exd4 21. Nxd4 Nxd4
22. Bxd4 Qg4 23. f3 Qg6 24. Kh1 Rfe8 25. Rd2 Re6 26. Re2 Qh6 27. Kg1 Nf6 28.
Kg2 Nd7 29. f4 Qh5 30. Rfe1 f6 31. h3 Qf7 32. g4 h6 33. h4 Ra5 34. Kg3 Qe8 35.
h5 Qf7 36. Be3 Ra8 37. Bd4 Ree8 38. Rh1 Ra5 39. Rhe1 b6 40. Bc3 Rc5 41. Qxa4
Rxc4 42. Qd1 Nc5 43. Kf3 Ne6 44. Qd3 Nc5 45. Qd1 Qe6 46. f5 Qf7 47. Re3 Nd7 48.
b3 Rc5 49. Bd4 Ra5 50. Bb2 Ne5+ 51. Kg3 Kh7 52. Rc3 Qe7 53. Qc2 Ra7 54. Rc1 c5
55. Re3 Nf7 56. Rce1 Qc7 57. Kf2 d5 58. Kg2 d4 59. Rg3 Qd6 60. Bc1 Rae7 61. e5
Rxe5 62. Rxe5 Rxe5 63. Bf4 Qd5+ 64. Kf2 0-1

[Event "2. Bundesliga West 2006/2007"]
[Site "?"]
[Date "2006.10.21"]
[Round "1"]
[White "Anistratov, Dmitrij"]
[Black "Lanka, Zigurds"]
[Result "1/2-1/2"]
[WhiteElo "2315"]
[BlackElo "2498"]
[PlyCount "55"]
[EventDate "2006.??.??"]
[SourceDate "2006.10.21"]

1. e4 c5 2. Nf3 Nc6 3. Nc3 d6 4. d4 cxd4 5. Nxd4 Nf6 6. Bg5 e6 7. Bb5 Bd7 8.
Bxc6 bxc6 9. Qf3 h6 10. Bh4 e5 11. Nf5 Bxf5 12. Qxf5 Be7 13. Bxf6 Bxf6 14. O-O
Qd7 15. Qf3 O-O 16. Rad1 Be7 17. Qd3 Kh8 18. Ne2 Rad8 19. c4 Qe6 20. Nc3 g6 21.
b4 f5 22. f3 a6 23. a4 Rc8 24. Rb1 Kg7 25. Rfd1 fxe4 26. fxe4 Bg5 27. Rf1 h5
28. h3 1/2-1/2

[Event "2. Bundesliga West 2006/2007"]
[Site "?"]
[Date "2006.10.21"]
[Round "?"]
[White "Gross, David"]
[Black "Novkovic, Julia"]
[Result "1-0"]
[WhiteElo "2478"]
[BlackElo "2158"]
[PlyCount "79"]
[EventDate "2006.??.??"]
[SourceDate "2006.10.21"]

1. e4 c5 2. Nf3 d6 3. d4 cxd4 4. Nxd4 Nf6 5. Nc3 g6 6. Be3 Bg7 7. f3 Nc6 8. Qd2
O-O 9. O-O-O Nxd4 10. Bxd4 Be6 11. Kb1 Qa5 12. Nd5 Qxd2 13. Nxe7+ Kh8 14. Rxd2
Rfe8 15. Bxf6 Bxf6 16. Nd5 Bxd5 17. Rxd5 Rad8 18. Bc4 Re5 19. Rd3 Kg7 20. Rhd1
Rh5 21. a4 Rc8 22. Bb3 Be7 23. h3 b5 24. Bd5 b4 25. a5 Rb8 26. Rd4 Rb5 27. a6
Rb6 28. Rc4 Rxa6 29. Rxb4 Rb6 30. Rc4 Bf6 31. c3 Re5 32. Kc2 g5 33. Ra1 Re7 34.
Rca4 a6 35. Rxa6 Rxa6 36. Rxa6 Rd7 37. b4 Bd8 38. b5 Kf6 39. b6 Ke7 40. Bc6 1-0